000 00323nam a22001337a 4500
008 181016b xxu||||| |||| 00| 0 eng d
020 _a0669948888
041 _aeng
080 _23rd
_a341
100 _a15
101 _aSHJ
245 _aThe Declaration of Independence and the Constitution
_cLatham, E
942 _2udc
_cBK
999 _c49854
_d49854